How to design grids and use them effectively

Bibliographic Details
Main Author: Swann, Alan
Format: Book
Language:English
Published: Oxford : Phaidon Press Ltd , 1989
Subjects:

MARC

LEADER 00000cam a2200000 7i4500
001 0000003671
005 20230714.0
008 991206 enk eng
020 |a 0714825999 (hbk) 
040 |a INS 
090 0 0 |a NC703   |b .S92 1989 
100 1 |a Swann, Alan 
245 1 0 |a How to design grids and use them effectively   |c Alan Swann 
260 |a Oxford :   |b Phaidon Press Ltd ,   |c 1989 
300 |a 144 p. :   |b ill. (some col.) ;   |c 23 cm. 
500 |a Includes index 
650 0 |a Graphics arts 
999 |a 0000005124   |b BOOK   |c Open Shelf   |e Default branch